000 00584nam a2200157Ia 4500
008 210716s2016 xx 000 0 und d
020 _a9781784397807
041 _aeng
082 _a004.69 NOBD
100 _aNoble, Dan.
245 _aMonitoring elasticsearch: monitor your elasticsearch clusters health and diagnose and solve its performance and reliability issues.
_bMonitor your elasticsearch clusters health and diagnose and solve its performance and reliability issues.
250 _a1
260 _aMumbai
_bPackt Publishing Ltd
_c2016
300 _axi,160
650 _aNone
999 _c196698
_d196698